The economy : old myths and new realities

Αποθηκεύτηκε σε:
Λεπτομέρειες βιβλιογραφικής εγγραφής
Κύριος συγγραφέας: Heller, Walter W.
Μορφή: Βιβλίο
Γλώσσα:Greek
Δημοσίευση: New York : Norton, c1976
Θέματα:
Ετικέτες: Προσθήκη ετικέτας
Δεν υπάρχουν, Καταχωρήστε ετικέτα πρώτοι!

MARC

LEADER 00000nam a2200000 i 4500
001 1/42379
008 961030s1976 gre d
020 |a 0-393-09151-1 
035 |l 10025581 
040 |a GR-MY-UA  |b gre  |e aacr 
041 0 |a gre 
082 0 |a 330.9730925 
100 1 |a Heller, Walter W. 
245 1 4 |a The economy :  |b old myths and new realities /  |c Walter W. Heller 
260 |a New York :   |b Norton,   |c c1976 
300 |a 224 p. 
500 |a Includes index 
651 0 |a United States  |x Economic policy  |y 1971- 
852 |a INST  |b CHIOS  |e 19961030  |h 330.9730925 HEL  |p 005200011083  |q 005200011083  |t BK  |y 0 
909 |a Χ  |b 013271